| 000 | 02914nam0a2200361 4500 | ||
|---|---|---|---|
| 001 | RU\NLR\BIBL_A\012891560 | ||
| 005 | 20250624214619.0 | ||
| 010 |
_a978-5-7271-1790-3 _9100 |
||
| 021 |
_aRU _b2022-50303 _9КН-П-4371 |
||
| 035 | _a(RuMoRGB)011163086 | ||
| 035 | _a(NLR Aleph) 012891560 | ||
| 090 |
_a12553014 _c12553014 |
||
| 100 | _a20220920d2022 |||y0rusy50 ca | ||
| 101 | 0 | _arus | |
| 102 | _aRU | ||
| 105 | _aa j 000zy | ||
| 181 | 0 |
_ai3 _baxxe |
|
| 182 | 0 | _an | |
| 200 | 1 |
_aТензорные поля на гладких многообразиях _eучебное пособие _eдля студентов, обучающихся по специальности 02.03.01 Математика и компьютерные науки _fФ. Г. Кораблёв _gМинистерство науки и высшего образования Российской Федерации, Федеральное государственное бюджетное образовательное учреждение высшего образования "Челябинский государственный университет" |
|
| 203 |
_aТекст _bвизуальный _cнепосредственный |
||
| 210 |
_aЧелябинск _cИзд-во Челябинского государственного университета _d2022 |
||
| 215 |
_a154 с. _cил. _d20 |
||
| 330 | _aУчебное пособие содержит материал, который традиционно преподаётся на математическом факультете Челябинского государственного университета в рамках таких дисциплин, как "Римановы многообразия" и "Гладкие многообразия". Основная задача пособия состоит в объяснении того, как на произвольном гладком многообразии можно задать риманову структуру, и в изучении свойств этих структур. Пособие предназначено для студентов, обучающихся по специальности 02.03.01 Математика и компьютерные науки | ||
| 606 | 1 |
_aТензорное исчисление _jУчебные издания для высших учебных заведений _91382013 _3RU\NLR\AUTH\66266503 |
|
| 606 | 1 |
_aРимановы многообразия _jУчебные издания для высших учебных заведений _92377924 _3RU\NLR\AUTH\661418925 |
|
| 675 |
_a514.743(075.8) _v4 |
||
| 686 | 1 | _aВ181.222.11я73-1 | |
| 686 | 1 | _aВ181.142я73-1 | |
| 700 | 1 |
_aКораблёв _bФ. Г. _gФилипп Глебович |
|
| 942 | _cBOOK | ||
| 980 | _aNB | ||